[Event "XVI Memorial Edoardo Crespi Magistrale"]
[Site "Milano ITA"]
[Date "1995.12.??"]
[Round "7"]
[White "Medancic, Rikard"]
[Black "Drazic, Sinisa"]
[Result "0-1"]
[WhiteElo "2340"]
[BlackElo "2405"]
[PlyCount "175"]
[EventDate "1995.12.07"]

1. d4 d6 2. c4 e5 3. d5 f5 4. Nc3 Nf6 5. f3 Be7 6. e4 fxe4 7. fxe4 O-O 8. Be2
c6 9. Nf3 Ng4 10. Qb3 Na6 11. O-O Nc5 12. Qc2 Na6 13. Kh1 Qb6 14. Nd1 cxd5 15.
cxd5 Bd7 16. h3 Rfc8 17. Qb1 Nf6 18. Kh2 Nc5 19. Nc3 Na4 20. Nxa4 Bxa4 21. b3
Be8 22. Bd3 Bg6 23. Re1 Nh5 24. Be3 Qd8 25. g3 Qd7 26. a4 Rf8 27. Rf1 a6 28. a5
Rf7 29. Qc2 h6 30. Rac1 Raf8 31. Nd2 Bg5 32. Bxg5 hxg5 33. Rxf7 Qxf7 34. Rf1
Nf6 35. Kg2 Qd7 36. Rc1 Qf7 37. Qc7 Nxd5 38. Qxf7+ Rxf7 39. Re1 b5 40. axb6
Nxb6 41. Bxa6 Ra7 42. Bc4+ Bf7 43. Bxf7+ Kxf7 44. Kf3 Rc7 45. Re3 Rc5 46. Kg4
Kg6 47. Nf3 Nd7 48. Nd2 Nf6+ 49. Kf3 Kf7 50. Re1 Rc2 51. Ke3 Rc3+ 52. Kf2 Rc2
53. Ke3 Rc3+ 54. Kf2 Rd3 55. Nf1 Rxb3 56. Nd2 Rb2 57. Ke3 g4 58. hxg4 Nxg4+ 59.
Kd3 Ke6 60. Ra1 Nf2+ 61. Ke3 Ng4+ 62. Ke2 Nf6 63. Kd3 Nd7 64. Ra7 g6 65. Ke3
Rc2 66. Kd3 Rc1 67. Ke3 Rc3+ 68. Ke2 Rc2 69. Ke3 Rc3+ 70. Kf2 Rd3 71. Nf1 Nf6
72. Ke2 Rd4 73. Nd2 Nxe4 74. Nxe4 Rxe4+ 75. Kf3 Rd4 76. Rg7 Kf6 77. Ra7 Kf5 78.
Ra6 g5 79. g4+ Ke6 80. Ra5 Rd3+ 81. Kg2 Rc3 82. Ra6 Rb3 83. Ra8 Kd5 84. Rg8 Ke4
85. Rxg5 Kf4 86. Rg8 Rg3+ 87. Kf2 Rxg4 88. Rf8+ 0-1

[Event "XVI Memorial Edoardo Crespi Magistrale"]
[Site "Milano ITA"]
[Date "1995.12.??"]
[Round "7"]
[White "Mordiglia, Riccardo"]
[Black "Bressanelli, Roberto"]
[Result "1-0"]
[WhiteElo "2015"]
[BlackElo "1906"]
[PlyCount "55"]
[EventDate "1995.12.07"]

1. e4 e5 2. Nf3 Nc6 3. Bc4 Bc5 4. c3 Nf6 5. d4 exd4 6. b4 Be7 7. e5 Ng4 8. Bf4
d6 9. exd6 Bxd6 10. Qe2+ Qe7 11. Bxd6 Qxe2+ 12. Bxe2 cxd6 13. b5 Na5 14. Nxd4
Ne5 15. Nd2 d5 16. f4 Nd7 17. Bf3 Nb6 18. Kf2 O-O 19. N2b3 Nxb3 20. axb3 a6 21.
Ra5 Rd8 22. Rha1 Rd6 23. Be2 Nd7 24. Nf5 Rf6 25. Ne7+ Kf8 26. Nxd5 Rf5 27. bxa6
bxa6 28. Bg4 1-0

[Event "XVI Memorial Edoardo Crespi Magistrale"]
[Site "Milano ITA"]
[Date "1995.12.??"]
[Round "7"]
[White "Rossi, Giampiero"]
[Black "Varini, Massimo"]
[Result "1/2-1/2"]
[WhiteElo "2135"]
[BlackElo "1974"]
[PlyCount "131"]
[EventDate "1995.12.07"]

1. d4 d6 2. c4 e5 3. Nc3 Nd7 4. Nf3 Ngf6 5. g3 c6 6. Qc2 g6 7. Bg2 Bg7 8. O-O
O-O 9. Rd1 Re8 10. h3 e4 11. Ne1 d5 12. cxd5 cxd5 13. e3 Nf8 14. b3 h5 15. Bb2
Bf5 16. Rac1 N8h7 17. Ne2 Ng5 18. Nf4 Qd7 19. Kh2 Nf3+ 20. Bxf3 exf3 21. Qc7
Qb5 22. Nfd3 Rac8 23. Rc5 Qa6 24. Qa5 Qe6 25. Rxc8 Rxc8 26. Rc1 Bxd3 27. Nxd3
Rxc1 28. Bxc1 Qe4 29. Qd2 Bf8 30. Ne1 h4 31. gxh4 Bd6+ 32. Kg1 Qb1 33. Qc2 Qxc2
34. Nxc2 Ne4 35. Ne1 Nc3 36. Bd2 Ne4 37. Nxf3 Be7 38. Be1 f6 39. Kg2 Ba3 40.
Kf1 Kh7 41. Kg2 Kh6 42. Bd2 Nxd2 43. Nxd2 Kh5 44. Nf3 Bd6 45. Kf1 Bb4 46. Ke2
Ba5 47. Kd3 f5 48. a3 Bd8 49. b4 Be7 50. Kd2 a5 51. Kc3 Bd8 52. Kb3 Bxh4 53.
Nxh4 Kxh4 54. bxa5 Kxh3 55. Kb4 g5 56. Kc5 Kg2 57. Kb6 Kxf2 58. Kxb7 g4 59. a6
g3 60. a7 g2 61. a8=Q g1=Q 62. Qe8 Qb1+ 63. Kc6 Qc2+ 64. Kxd5 Qb3+ 65. Kd6
Qxa3+ 66. Kc7 1/2-1/2

[Event "XVI Memorial Edoardo Crespi Magistrale"]
[Site "Milano ITA"]
[Date "1995.12.??"]
[Round "7"]
[White "Scavo, Fernando"]
[Black "Sartori, Spartaco"]
[Result "1/2-1/2"]
[WhiteElo "2260"]
[BlackElo "2270"]
[PlyCount "81"]
[EventDate "1995.12.07"]

1. d4 e6 2. Nf3 Nf6 3. c4 b6 4. Nc3 Bb7 5. Bg5 h6 6. Bh4 Be7 7. e3 c5 8. dxc5
bxc5 9. Be2 O-O 10. O-O d6 11. Qc2 Qb6 12. Rfd1 Rd8 13. Rd2 Nc6 14. Rad1 Na5
15. Kh1 Rab8 16. Kg1 Bc6 17. Bg3 Bxf3 18. gxf3 Nh5 19. b3 Nb7 20. Bf1 f5 21. f4
g6 22. Bg2 Ng7 23. Qd3 Rf8 24. e4 Nd8 25. Qe2 Nf7 26. Na4 Qc7 27. e5 Rbd8 28.
exd6 Rxd6 29. Rxd6 Bxd6 30. Nc3 a6 31. Qf3 Nh5 32. Qb7 Qa5 33. Qf3 Bxf4 34.
Bxf4 Nxf4 35. Na4 Nxg2 36. Qxg2 Kg7 37. Qc6 Rd8 38. Rxd8 Qxd8 39. Nxc5 Qd1+ 40.
Kg2 Qg4+ 41. Kf1 1/2-1/2

[Event "XVI C.to Italiano UISP A"]
[Site "Montecatini Terme ITA"]
[Date "1995.12.??"]
[Round "?"]
[White "Bellomo, Francesco"]
[Black "Satta, Vladimiro"]
[Result "1-0"]
[WhiteElo "2360"]
[BlackElo "2300"]
[PlyCount "87"]
[EventDate "1995.12.06"]

1. Nf3 d6 2. g3 e5 3. d3 g6 4. Bg2 Bg7 5. O-O f5 6. e4 fxe4 7. dxe4 Nf6 8. Nbd2
O-O 9. c3 h6 10. Nh4 Kh7 11. Nc4 Nc6 12. Ne3 Ng8 13. Nd5 Be6 14. Qc2 Bf7 15.
Be3 Nf6 16. Rad1 Ne7 17. c4 Ng4 18. Bc1 c6 19. Nxe7 Qxe7 20. h3 Nf6 21. Be3 c5
22. Rd3 Rad8 23. Rfd1 Nh5 24. Nf3 b6 25. b3 Rfe8 26. Qe2 Bf8 27. Nh2 Nf6 28. g4
Nd7 29. f4 Rc8 30. g5 hxg5 31. f5 Qd8 32. Bxg5 Qc7 33. Ng4 a6 34. Qf2 b5 35.
Qh4+ Kg8 36. Nf6+ Nxf6 37. Bxf6 Bg7 38. Bxg7 Kxg7 39. f6+ Kg8 40. Qh6 Be6 41.
Qxg6+ Kh8 42. cxb5 axb5 43. Rxd6 c4 44. Rd7 1-0

[Event "XVI C.to Italiano UISP A"]
[Site "Montecatini Terme ITA"]
[Date "1995.12.??"]
[Round "?"]
[White "Gueci, Riccardo"]
[Black "Luciani, Valerio"]
[Result "1-0"]
[WhiteElo "2175"]
[BlackElo "2175"]
[PlyCount "33"]
[EventDate "1995.12.06"]

1. e4 e6 2. d4 d5 3. Nc3 Bb4 4. exd5 exd5 5. Bd3 c5 6. a3 Bxc3+ 7. bxc3 Ne7 8.
dxc5 Qa5 9. Ne2 Qxc5 10. O-O O-O 11. Be3 Qc7 12. Ng3 Qxc3 13. Bd4 Qc7 14. Re1
Ng6 15. Nh5 f6 16. Re3 Nf4 17. Rg3 1-0

[Event "XVI C.to Italiano UISP A"]
[Site "Montecatini Terme ITA"]
[Date "1995.12.??"]
[Round "?"]
[White "Iotti, Pierluigi"]
[Black "Caruso, Augusto"]
[Result "0-1"]
[WhiteElo "2275"]
[BlackElo "2220"]
[PlyCount "66"]
[EventDate "1995.12.06"]

1. d4 e6 2. c4 f5 3. g3 Nf6 4. Bg2 d5 5. Nf3 c6 6. O-O Bd6 7. b3 Qe7 8. a4 O-O
9. Ba3 Bxa3 10. Nxa3 Nbd7 11. Nc2 b6 12. a5 Ba6 13. Ne3 Ne4 14. Qc2 Qd6 15. Ra2
b5 16. Rc1 Rac8 17. c5 Qc7 18. b4 Rf6 19. Nd2 Nxd2 20. Qxd2 g5 21. f4 gxf4 22.
gxf4 Rg6 23. Nc2 Nf6 24. Kh1 Qg7 25. e3 Kh8 26. Ne1 Ne4 27. Qe2 Qh6 28. Qf3 Rg3
29. Qe2 Rcg8 30. Qd3 Qh3 31. Re2 Bc8 32. Qc2 R3g6 33. Nf3 Ng3+ 0-1

[Event "XVI C.to Italiano UISP A"]
[Site "Montecatini Terme ITA"]
[Date "1995.12.??"]
[Round "?"]
[White "Iotti, Pierluigi"]
[Black "D'Amore, Carlo"]
[Result "1-0"]
[WhiteElo "2275"]
[BlackElo "2460"]
[PlyCount "139"]
[EventDate "1995.12.06"]

1. d4 Nf6 2. Nf3 g6 3. c4 Bg7 4. Nc3 O-O 5. e4 d6 6. Be2 Bg4 7. O-O Nfd7 8. Be3
Nc6 9. d5 Bxf3 10. Bxf3 Na5 11. Be2 Bxc3 12. bxc3 c6 13. Bd3 Ne5 14. Qe2 Qd7
15. f4 Nxd3 16. Qxd3 cxd5 17. cxd5 Rfc8 18. f5 Nc4 19. Bd4 Qe8 20. fxg6 hxg6
21. Qh3 f6 22. Qh6 Qf7 23. Rf3 Qg7 24. Qh3 Rc7 25. Rg3 Ne5 26. Bxe5 dxe5 27.
Rf1 Rd8 28. Qe6+ Qf7 29. Rxg6+ Kf8 30. Rfxf6 exf6 31. Rxf6 Re8 32. Rxf7+ Rxf7
33. Qg6 Rg7 34. Qf6+ Rf7 35. Qh8+ Ke7 36. Qxe5+ Kd7 37. Qd4 Rfe7 38. Qxa7 Rxe4
39. Qxb7+ Kd8 40. h3 Rc4 41. Qb8+ Ke7 42. Qe5+ Kd7 43. Qf5+ Kd6 44. h4 Re1+ 45.
Kf2 Re5 46. Qd3 Rf4+ 47. Kg3 Ree4 48. h5 Rg4+ 49. Kf2 Ra4 50. Qd2 Raf4+ 51. Kg1
Re4 52. h6 Re5 53. h7 Rh4 54. c4 Rxh7 55. Qb4+ Kc7 56. Qc5+ Kb7 57. Qc6+ Ka7
58. c5 Rhh5 59. Qb6+ Ka8 60. Qa6+ Kb8 61. c6 Re1+ 62. Kf2 Rb1 63. d6 Rb2+ 64.
Kf3 Rf5+ 65. Ke4 Rb4+ 66. Kxf5 Rf4+ 67. Ke5 Re4+ 68. Kd5 Re5+ 69. Kc4 Re4+ 70.
Kc5 1-0

[Event "XVI C.to Italiano UISP A"]
[Site "Montecatini Terme ITA"]
[Date "1995.12.??"]
[Round "?"]
[White "Luciani, Carlo"]
[Black "Ortega, Lexy"]
[Result "1-0"]
[WhiteElo "2285"]
[BlackElo "2440"]
[PlyCount "72"]
[EventDate "1995.12.06"]

1. e4 c5 2. Nf3 d6 3. d4 cxd4 4. Nxd4 Nf6 5. Nc3 a6 6. Be2 e6 7. Be3 Qc7 8. f4
b5 9. Bf3 Bb7 10. a3 Nbd7 11. Nb3 Rc8 12. Qe2 Be7 13. O-O O-O 14. g4 Nb6 15. g5
Nfd7 16. f5 exf5 17. exf5 Rfe8 18. f6 Bf8 19. fxg7 Bxg7 20. Qf2 Bxf3 21. Qxf3
Ne5 22. Qg3 Nec4 23. Bd4 Be5 24. Qf2 Bxd4 25. Qxd4 Qe7 26. Rf3 Ne5 27. Rg3 Qb7
28. Rf1 Rc4 29. Qf2 Ng4 30. Qd2 Na4 31. Nd5 Qa7+ 32. Kh1 Kh8 33. h3 Ne5 34. Na5
Rh4 35. b3 Nc5 36. Qf2 Qa8 1-0

[Event "XVI C.to Italiano UISP A"]
[Site "Montecatini Terme ITA"]
[Date "1995.12.??"]
[Round "?"]
[White "Sebastianelli, Diego"]
[Black "Gueci, Riccardo"]
[Result "1-0"]
[WhiteElo "2360"]
[BlackElo "2175"]
[PlyCount "63"]
[EventDate "1995.12.06"]

1. e4 d6 2. d4 Nf6 3. Nc3 Nbd7 4. Nf3 e5 5. Bc4 Be7 6. O-O O-O 7. Re1 c6 8. a4
a5 9. h3 Qc7 10. Qe2 h6 11. Ba2 Nh7 12. Be3 Ndf6 13. Rad1 b6 14. d5 c5 15. Nxe5
dxe5 16. d6 Bxd6 17. Nb5 Qc6 18. Rxd6 Qxe4 19. Rxb6 Qxa4 20. Bc4 Bf5 21. Rc1
Rfd8 22. c3 Nd5 23. b3 Qxc4 24. Qxc4 Nxb6 25. Qxc5 Nd5 26. Rd1 Nhf6 27. c4 Nb4
28. Rxd8+ Rxd8 29. Qxe5 Bc2 30. Nd4 Bg6 31. Qxa5 Nd3 32. Qxd8+ 1-0

[Event "XVI C.to Italiano UISP A"]
[Site "Montecatini Terme ITA"]
[Date "1995.12.??"]
[Round "1"]
[White "Bellomo, Francesco"]
[Black "Lagumina, Giulio"]
[Result "0-1"]
[WhiteElo "2360"]
[BlackElo "2260"]
[PlyCount "80"]
[EventDate "1995.12.06"]

1. Nf3 d5 2. g3 Nf6 3. Bg2 c5 4. O-O g6 5. d3 Bg7 6. Nbd2 O-O 7. e4 Nc6 8. c3
Qc7 9. Re1 Rd8 10. Qe2 b6 11. Nf1 e5 12. Bg5 d4 13. cxd4 Nxd4 14. Nxd4 Rxd4 15.
Ne3 Bb7 16. Qf3 Qd6 17. Rad1 h6 18. Nc4 Qe6 19. Be3 Rd7 20. b3 Rad8 21. Qe2 Ne8
22. Qf1 Nd6 23. Bh3 f5 24. f3 Qf7 25. Bc1 Nxc4 26. bxc4 Rd6 27. exf5 gxf5 28.
Bb2 Re8 29. Qe2 Qh5 30. Bg2 f4 31. gxf4 Rg6 32. Rf1 e4 33. dxe4 Rxe4 34. Rd8+
Kh7 35. Qc2 Re7 36. f5 Rxg2+ 37. Qxg2 Qxf5 38. Bc1 Bd4+ 39. Kh1 Rg7 40. Qe2
Qxf3+ 0-1

[Event "XVI C.to Italiano UISP A"]
[Site "Montecatini Terme ITA"]
[Date "1995.12.??"]
[Round "1"]
[White "Saccone, Fabio"]
[Black "Mileto, Gabriele"]
[Result "0-1"]
[WhiteElo "2190"]
[BlackElo "2210"]
[PlyCount "32"]
[EventDate "1995.12.06"]

1. e4 c5 2. Ne2 d6 3. c4 g6 4. d4 cxd4 5. Nxd4 Nf6 6. Nc3 Nc6 7. Be2 Nxd4 8.
Qxd4 Bg7 9. Be3 O-O 10. Qd2 Be6 11. Rc1 Qa5 12. O-O a6 13. f3 Rfc8 14. a3 Bxc4
15. Nd5 Qxd2 16. Bxd2 Bxd5 0-1

[Event "XVI C.to Italiano UISP A"]
[Site "Montecatini Terme ITA"]
[Date "1995.12.??"]
[Round "1"]
[White "Viaggi, Giovanni"]
[Black "Rosino, Antonio"]
[Result "1-0"]
[WhiteElo "2125"]
[BlackElo "2320"]
[PlyCount "43"]
[EventDate "1995.12.06"]

1. e4 e5 2. Nf3 Nc6 3. Bb5 Nf6 4. d4 exd4 5. O-O d6 6. Nxd4 Bd7 7. Nxc6 Bxc6 8.
Bxc6+ bxc6 9. Nc3 Be7 10. Qe2 O-O 11. b3 Nd7 12. Bb2 Bf6 13. Rad1 Re8 14. f4
Qe7 15. Qg4 Nc5 16. Rfe1 Qe6 17. Qf3 Re7 18. e5 dxe5 19. f5 Qc8 20. Qxc6 Nd7
21. Nd5 Nf8 22. Qxf6 1-0

[Event "XVI C.to Italiano UISP A"]
[Site "Montecatini Terme ITA"]
[Date "1995.12.??"]
[Round "3"]
[White "Rosino, Antonio"]
[Black "Benvenuti, Carlo"]
[Result "1-0"]
[WhiteElo "2320"]
[BlackElo "2200"]
[PlyCount "137"]
[EventDate "1995.12.06"]

1. e4 d6 2. d4 Nf6 3. Nc3 c6 4. Nf3 Bg4 5. a4 e6 6. Be2 Be7 7. Be3 O-O 8. O-O
d5 9. Nd2 Bxe2 10. Qxe2 dxe4 11. Ncxe4 Nbd7 12. f4 Nxe4 13. Nxe4 Nf6 14. Ng5 h6
15. Nf3 Qa5 16. Ne5 c5 17. Kh1 Rad8 18. c3 Qc7 19. f5 Qc8 20. Ng4 Nxg4 21. Qxg4
exf5 22. Rxf5 Qe6 23. Qf3 Qb3 24. Qf2 Rd6 25. a5 g6 26. Rf3 Bg5 27. Bxg5 hxg5
28. dxc5 Rd7 29. Re1 Rfd8 30. Rfe3 Kg7 31. R3e2 Rd5 32. h3 Qc4 33. c6 Qxc6 34.
Qxa7 g4 35. hxg4 Qd6 36. Qe3 Rh8+ 37. Kg1 Qh2+ 38. Kf1 Qd6 39. Kf2 Rxa5 40. Rd2
Rd5 41. Rxd5 Qxd5 42. Qe5+ Qxe5 43. Rxe5 Rd8 44. Ke2 Kf6 45. Rb5 Rd7 46. g5+
Ke6 47. Ke3 Kd6 48. c4 Kc6 49. b4 Rd1 50. Re5 Re1+ 51. Kd4 Rd1+ 52. Kc3 Rc1+
53. Kd3 Rd1+ 54. Ke3 Re1+ 55. Kf4 Rf1+ 56. Kg4 Rc1 57. Re4 Rc2 58. g3 Rc3 59.
Rf4 Kd6 60. c5+ Ke7 61. Rd4 Rc1 62. Kh3 Rb1 63. Kg2 Rb2+ 64. Kf3 Rb3+ 65. Kf4
Rb1 66. g4 Rb2 67. Ke4 Rb3 68. Kd5 Kd7 69. Kc4+ 1-0

[Event "XVI C.to Italiano UISP A"]
[Site "Montecatini Terme ITA"]
[Date "1995.12.??"]
[Round "4"]
[White "Lucaroni, Massimiliano"]
[Black "Tommasini, Enzo"]
[Result "1-0"]
[WhiteElo "2280"]
[BlackElo "2075"]
[PlyCount "61"]
[EventDate "1995.12.06"]

1. e4 e6 2. Nf3 d5 3. e5 c5 4. b4 cxb4 5. a3 d4 6. axb4 Bxb4 7. Bd3 Nc6 8. Ra4
a5 9. Ba3 Bd7 10. c3 Be7 11. O-O Qb8 12. Bxe7 Ngxe7 13. Na3 Nxe5 14. Nxe5 Qxe5
15. Rxd4 Bc6 16. Nc4 Qc5 17. Re1 Ng6 18. Nd6+ Ke7 19. Qg4 Qxd6 20. Rxd6 Kxd6
21. Qd4+ Ke7 22. Qc5+ Kd7 23. Bb5 Rhc8 24. d4 Ne7 25. c4 Kd8 26. d5 Bxb5 27.
Qxb5 exd5 28. cxd5 Nf5 29. Qb6+ Kd7 30. Qxb7+ Kd8 31. Qxf7 1-0

[Event "XVI C.to Italiano UISP A"]
[Site "Montecatini Terme ITA"]
[Date "1995.12.??"]
[Round "4"]
[White "Mileto, Gabriele"]
[Black "Efimov, Igor"]
[Result "1/2-1/2"]
[WhiteElo "2210"]
[BlackElo "2450"]
[PlyCount "141"]
[EventDate "1995.12.06"]

1. d4 Nf6 2. Nf3 b5 3. c3 e6 4. Qb3 a6 5. a4 b4 6. cxb4 Nc6 7. b5 axb5 8. e3
bxa4 9. Rxa4 Rb8 10. Qd1 Bb4+ 11. Nc3 O-O 12. Bd3 d5 13. O-O Bd7 14. Ra1 Bd6
15. e4 dxe4 16. Nxe4 h6 17. Qe2 Nb4 18. Bb1 Bb5 19. Nxf6+ Qxf6 20. Qe4 Qf5 21.
Rd1 Qxe4 22. Bxe4 Rfd8 23. Bd2 Bd3 24. Bxb4 Bxe4 25. Bc3 Bxf3 26. gxf3 Rb5 27.
Ra5 Rdb8 28. Rda1 Kh7 29. h3 Bb4 30. Rxb5 Rxb5 31. Bxb4 Rxb4 32. Ra7 Rxb2 33.
Rxc7 Kg6 34. Kg2 Rb4 35. Rd7 Rb5 36. Ra7 Rg5+ 37. Kh2 Rd5 38. Ra4 Kf6 39. Kg3
Rg5+ 40. Kh2 Rb5 41. Kg3 Rd5 42. f4 Rb5 43. f3 Rb1 44. Rc4 Rd1 45. Ra4 Rd2 46.
Rb4 Kg6 47. Ra4 Kf6 48. Rb4 Ra2 49. Rb5 Ra6 50. Rc5 Rd6 51. Rc4 Rd7 52. Ra4 Ke7
53. Kg4 g6 54. Kg3 Kd6 55. Kf2 Kc6 56. Ke3 Rb7 57. Kf2 Kd5 58. Kg3 Rc7 59. Rb4
Ra7 60. h4 h5 61. Kf2 Rd7 62. Kg3 Rc7 63. Ra4 Rb7 64. Kf2 Kd6 65. Kg3 Ke7 66.
Kf2 Rd7 67. Kg3 Kf6 68. Rb4 Rd5 69. Ra4 Rb5 70. Rc4 Ra5 71. Rb4 1/2-1/2

[Event "XVI C.to Italiano UISP A"]
[Site "Montecatini Terme ITA"]
[Date "1995.12.??"]
[Round "4"]
[White "Passerotti, Pierluigi"]
[Black "Tocchioni, Doriano"]
[Result "1-0"]
[WhiteElo "2290"]
[BlackElo "2260"]
[PlyCount "47"]
[EventDate "1995.12.06"]

1. d4 d5 2. c4 c6 3. Nc3 Nf6 4. Nf3 e6 5. e3 Nbd7 6. Bd3 Bd6 7. O-O O-O 8. e4
dxc4 9. Bxc4 e5 10. Bg5 b5 11. Bb3 a6 12. Re1 h6 13. Bh4 Re8 14. Bg3 Qe7 15.
Nh4 Nf8 16. dxe5 Bxe5 17. Bxe5 Qxe5 18. Nf3 Qh5 19. e5 N6d7 20. Ne4 Nxe5 21.
Nxe5 Rxe5 22. Qd8 Bb7 23. Qc7 Rae8 24. Bxf7+ 1-0

[Event "XVI C.to Italiano UISP A"]
[Site "Montecatini Terme ITA"]
[Date "1995.12.??"]
[Round "5"]
[White "Mileto, Gabriele"]
[Black "Adinolfi, Vincenzo"]
[Result "1-0"]
[WhiteElo "2210"]
[BlackElo "1997"]
[PlyCount "55"]
[EventDate "1995.12.06"]

1. d4 Nf6 2. Nf3 e6 3. e3 c5 4. Bd3 d5 5. b3 cxd4 6. exd4 Nc6 7. O-O Be7 8. Re1
O-O 9. a3 Ne8 10. Bb2 Nd6 11. Nbd2 f5 12. Ne5 Nxe5 13. dxe5 Ne4 14. Bd4 b6 15.
f3 Nc5 16. Bf1 Ba6 17. b4 Bxf1 18. Nxf1 Nd7 19. f4 Qc7 20. Ne3 b5 21. g4 g6 22.
gxf5 gxf5 23. Kh1 Rf7 24. Rg1+ Rg7 25. Rxg7+ Kxg7 26. Qh5 Nf8 27. Nxf5+ Kh8 28.
Qf7 1-0

[Event "XVI C.to Italiano UISP A"]
[Site "Montecatini Terme ITA"]
[Date "1995.12.??"]
[Round "6"]
[White "Passerotti, Pierluigi"]
[Black "Lagumina, Giulio"]
[Result "1-0"]
[WhiteElo "2290"]
[BlackElo "2260"]
[PlyCount "71"]
[EventDate "1995.12.06"]

1. d4 d5 2. c4 e6 3. Nc3 c6 4. e3 Nf6 5. Nf3 Nbd7 6. Bd3 dxc4 7. Bxc4 b5 8. Bd3
a6 9. e4 c5 10. d5 c4 11. dxe6 fxe6 12. Bc2 Qc7 13. O-O Bc5 14. Qe2 Ne5 15. Bf4
Nxf3+ 16. Qxf3 e5 17. Nd5 Nxd5 18. exd5 O-O 19. d6 Bxd6 20. Qd5+ Qf7 21. Qxa8
Bb7 22. Qa7 Qd5 23. Be4 Qxe4 24. f3 Bb8 25. Qb6 Qd4+ 26. Be3 Qxb6 27. Bxb6 e4
28. fxe4 Be5 29. Rxf8+ Kxf8 30. Rf1+ Ke7 31. Rf2 b4 32. Rc2 c3 33. bxc3 bxc3
34. Ba5 Bd4+ 35. Kf1 Bc6 36. Bxc3 1-0

[Event "XVI C.to Italiano UISP A"]
[Site "Montecatini Terme ITA"]
[Date "1995.12.??"]
[Round "7"]
[White "Ottavi, Marco"]
[Black "Pastres, Roberto"]
[Result "0-1"]
[WhiteElo "1978"]
[BlackElo "2220"]
[PlyCount "80"]
[EventDate "1995.12.06"]

1. e4 c5 2. Nf3 d6 3. d4 cxd4 4. Nxd4 Nf6 5. Nc3 a6 6. Bc4 e6 7. Bb3 Nbd7 8.
Bg5 Nc5 9. Qe2 Be7 10. O-O-O Qc7 11. f4 h6 12. Bh4 Nfxe4 13. Nxe4 Bxh4 14. Nf5
Nxb3+ 15. axb3 d5 16. Ned6+ Kf8 17. Rxd5 Bd7 18. Qh5 Bc6 19. Rd2 Bf6 20. Ne3 g6
21. Qc5 Kg7 22. Ng4 Qe7 23. Ne5 Bd5 24. Nexf7 Rhc8 25. Qe3 Rc6 26. Re1 Rxd6 27.
Nxd6 Qxd6 28. c4 Qc6 29. Kb1 Bxg2 30. Qxe6 Qxe6 31. Rxe6 Bc6 32. Rdd6 Rf8 33.
h4 Rf7 34. Kc2 Bf3 35. b4 Bg4 36. Re8 Bf5+ 37. Kb3 Bxh4 38. Rb8 Bg3 39. Rb6 Be4
40. Re6 Bxf4 0-1

[Event "XVI C.to Italiano UISP A"]
[Site "Montecatini Terme ITA"]
[Date "1995.12.??"]
[Round "7"]
[White "Sedina, Elena"]
[Black "Passerotti, Pierluigi"]
[Result "1-0"]
[WhiteElo "2350"]
[BlackElo "2290"]
[PlyCount "53"]
[EventDate "1995.12.06"]

1. e4 c5 2. Nf3 Nc6 3. Bb5 g6 4. Bxc6 bxc6 5. O-O Bg7 6. Re1 e5 7. c3 Ne7 8. d4
cxd4 9. cxd4 exd4 10. Nxd4 O-O 11. Nc3 Bb7 12. Nb3 d6 13. Bf4 Nc8 14. Qd2 Qe7
15. Rad1 Rd8 16. e5 d5 17. Bg5 Qf8 18. Bxd8 Qxd8 19. e6 Nd6 20. Nc5 Qe7 21.
Nxb7 Qxb7 22. Qf4 Nf5 23. exf7+ Qxf7 24. Na4 Bf6 25. b3 Be7 26. Qc7 Bb4 27.
Qxc6 1-0

[Event "XVI C.to Italiano UISP A"]
[Site "Montecatini Terme ITA"]
[Date "1995.12.??"]
[Round "8"]
[White "Passerotti, Pierluigi"]
[Black "Lucaroni, Massimiliano"]
[Result "0-1"]
[WhiteElo "2290"]
[BlackElo "2280"]
[PlyCount "70"]
[EventDate "1995.12.06"]

1. d4 Nf6 2. Nf3 e6 3. e3 d5 4. Bd3 c5 5. O-O Nc6 6. b3 Bd6 7. Bb2 Qe7 8. Nbd2
O-O 9. Re1 cxd4 10. exd4 Ba3 11. Qc1 Bxb2 12. Qxb2 Bd7 13. a3 Rfd8 14. Nf1 Be8
15. Qc1 a5 16. Qg5 a4 17. b4 Rac8 18. Ng3 Qd6 19. Nh5 Nxh5 20. Qxh5 h6 21. Re3
Qf4 22. g3 Qf6 23. Rd1 Qe7 24. Qh3 Rc7 25. g4 Qf6 26. Qg3 Rdc8 27. h4 g6 28. b5
Nxd4 29. g5 Nxf3+ 30. Rxf3 Qg7 31. Qf4 e5 32. Qxa4 e4 33. Re3 exd3 34. Rexd3
Rc4 35. Qa7 Rg4+ 0-1

[Event "XVI C.to Italiano UISP A"]
[Site "Montecatini Terme ITA"]
[Date "1995.12.??"]
[Round "8"]
[White "Sedina, Elena"]
[Black "Sebastianelli, Diego"]
[Result "1-0"]
[WhiteElo "2350"]
[BlackElo "2360"]
[PlyCount "89"]
[EventDate "1995.12.06"]

1. e4 c5 2. Nf3 e6 3. c3 d5 4. e5 Nc6 5. d4 Bd7 6. a3 c4 7. Nbd2 Na5 8. g3 Ne7
9. Bg2 Qb6 10. O-O h6 11. h4 Nb3 12. Nxb3 Ba4 13. Nfd2 h5 14. Bf3 g6 15. Qe1
Bxb3 16. Nxb3 cxb3 17. Be3 Nf5 18. Rc1 Rc8 19. Be2 Be7 20. Qd2 O-O 21. Kg2 Kg7
22. Bd3 Rh8 23. Rh1 a6 24. Qd1 Rc6 25. Qf3 Qa5 26. Bg5 Qd8 27. Qf4 Rh7 28. Rce1
Rh8 29. Re2 Rb6 30. f3 Rc6 31. Kg1 Nh6 32. g4 Ng8 33. Reh2 Rc8 34. Qg3 Rc6 35.
f4 f5 36. exf6+ Bxf6 37. gxh5 Rxh5 38. Be2 Rh8 39. h5 Bxg5 40. fxg5 Qd6 41. h6+
Kh7 42. Qxd6 Rxd6 43. Rf2 Rd7 44. Bg4 Re7 45. Bxe6 1-0

[Event "XVI C.to Italiano UISP A"]
[Site "Montecatini Terme ITA"]
[Date "1995.12.??"]
[Round "8"]
[White "Tocchioni, Doriano"]
[Black "Caruso, Augusto"]
[Result "0-1"]
[WhiteElo "2260"]
[BlackElo "2220"]
[PlyCount "98"]
[EventDate "1995.12.06"]

1. d4 Nf6 2. Nf3 c5 3. d5 e6 4. c4 exd5 5. cxd5 d6 6. Nc3 g6 7. e4 Bg7 8. h3
O-O 9. Bd3 b5 10. O-O b4 11. Ne2 Qc7 12. Re1 Nbd7 13. Ng3 a5 14. Bf4 Re8 15.
Rc1 Ba6 16. Bxa6 Rxa6 17. Nd4 Ne5 18. Bxe5 Rxe5 19. Nc6 Re8 20. Qd2 Nd7 21. f4
Nb8 22. Nd4 Nd7 23. Kh1 c4 24. Nc6 c3 25. bxc3 Bxc3 26. Qe2 Nc5 27. Rf1 Raa8
28. f5 Be5 29. Nxe5 Rxe5 30. f6 Qd8 31. Qg4 Qf8 32. Rc4 Kh8 33. Qf4 Rae8 34.
Rd1 h5 35. Rxc5 dxc5 36. d6 R5e6 37. d7 Rd8 38. e5 c4 39. Qg5 c3 40. Rd4 c2 41.
Rh4 Rxe5 42. Qxe5 c1=Q+ 43. Kh2 Qch6 44. Rd4 a4 45. Qd5 b3 46. axb3 a3 47. b4
Kg8 48. Ne4 Qf4+ 49. g3 Qf5 0-1

[Event "XVI C.to Italiano UISP A"]
[Site "Montecatini Terme ITA"]
[Date "1995.12.??"]
[Round "8"]
[White "Vezzosi, Paolo"]
[Black "Fabiano, Giuseppe"]
[Result "1-0"]
[WhiteElo "2305"]
[BlackElo "2230"]
[PlyCount "71"]
[EventDate "1995.12.06"]

1. d4 Nf6 2. Nf3 g6 3. Bg5 Bg7 4. Nbd2 O-O 5. e4 b6 6. Bd3 Bb7 7. O-O c5 8. d5
d6 9. c4 Nbd7 10. h3 Qc7 11. Re1 Rae8 12. Nf1 e5 13. Ng3 Kh8 14. Nh2 Ng8 15.
Qd2 Bc8 16. h4 f6 17. Be3 Ne7 18. h5 Rf7 19. Be2 Kg8 20. Rf1 Nf8 21. f4 exf4
22. Bxf4 Nd7 23. Bg4 Ne5 24. Bxe5 dxe5 25. d6 Qd8 26. d7 Ref8 27. Rad1 Ba6 28.
Be6 Nc6 29. Ne2 Nd4 30. Nxd4 cxd4 31. h6 Bh8 32. Qb4 Bb7 33. Ng4 Bxe4 34. Nxe5
fxe5 35. Qxf8+ Qxf8 36. Bxf7+ 1-0

[Event "X Corsicoscacchi FIDE"]
[Site "Corsico ITA"]
[Date "1995.10.??"]
[Round "?"]
[White "Cappello, Guido"]
[Black "Cristiani, Cesare"]
[Result "1-0"]
[WhiteElo "2235"]
[BlackElo "2020"]
[PlyCount "73"]
[EventDate "1995.10.08"]

1. e4 e5 2. Nf3 Nf6 3. Nc3 Nc6 4. Bb5 Bc5 5. O-O d6 6. d4 exd4 7. Nxd4 Bd7 8.
Nxc6 bxc6 9. Bd3 Ng4 10. h3 Ne5 11. Be2 a5 12. Kh2 O-O 13. f4 Ng6 14. g4 Qh4
15. Qd3 Bc8 16. Bd2 Ba6 17. Qf3 Bxe2 18. Nxe2 Qe7 19. Ng3 Nh4 20. Qd3 Rfe8 21.
Rae1 Ng6 22. Nf5 Qf8 23. Bc3 f6 24. a3 Ne7 25. Ng3 Kh8 26. g5 Ng8 27. e5 Qf7
28. exf6 gxf6 29. Ne4 Rxe4 30. Qxe4 d5 31. Qf5 Kg7 32. gxf6+ Kf8 33. Re2 Bd6
34. Be5 Re8 35. Rfe1 Rb8 36. Rg2 Bxe5 37. fxe5 1-0